The lowland : a novel (Record no. 57250)
[ view plain ]
| 000 -LEADER | |
|---|---|
| fixed length control field | 00628nam a2200205Ia 4500 |
| 005 - DATE AND TIME OF LATEST TRANSACTION | |
| control field | 20260616173547.0 |
| 008 - FIXED-LENGTH DATA ELEMENTS--GENERAL INFORMATION | |
| fixed length control field | 260616s9999||||xx |||||||||||||| ||und|| |
| 020 ## - INTERNATIONAL STANDARD BOOK NUMBER | |
| International Standard Book Number | 9788184003864 |
| Qualifying information | hb |
| 082 ## - DEWEY DECIMAL CLASSIFICATION NUMBER | |
| Classification number | 813.54 |
| Item number | LAH |
| 100 ## - MAIN ENTRY--PERSONAL NAME | |
| Personal name | Lahiri, Jhumpa |
| 245 #4 - TITLE STATEMENT | |
| Title | The lowland : a novel |
| 260 ## - PUBLICATION, DISTRIBUTION, ETC. | |
| Place of publication, distribution, etc. | New Delhi |
| Name of publisher, distributor, etc. | Random House India |
| Date of publication, distribution, etc. | 2013 |
| 300 ## - PHYSICAL DESCRIPTION | |
| Extent | 339p. ; 23cm. |
| 653 ## - INDEX TERM--UNCONTROLLED | |
| Uncontrolled term | Bengali Americans—Fiction |
| 653 ## - INDEX TERM--UNCONTROLLED | |
| Uncontrolled term | Brothers—Fiction |
| 653 ## - INDEX TERM--UNCONTROLLED | |
| Uncontrolled term | Immigrants—United States—Fiction |
| 653 ## - INDEX TERM--UNCONTROLLED | |
| Uncontrolled term | India—History—Naxalite movement, 1967-1972—Fiction |
| 653 ## - INDEX TERM--UNCONTROLLED | |
| Uncontrolled term | Political violence—India—Fiction |
| 942 ## - ADDED ENTRY ELEMENTS (KOHA) | |
| Koha item type | Book |
| Withdrawn status | Lost status | Damaged status | Not for loan | Home library | Current library | Shelving location | Date acquired | Source of acquisition | Total Checkouts | Full call number | Barcode | Date last seen | Price effective from | Koha item type |
|---|---|---|---|---|---|---|---|---|---|---|---|---|---|---|
| LRC, IIT Indore | LRC, IIT Indore | 2nd Floor - General Stack | 16/06/2026 | Gratis Book Price: INR 499.00 | 813.54 LAH | G2481 | 16/06/2026 | 16/06/2026 | Book |
